| 000 | 00318nam a22001217a 4500 | ||
|---|---|---|---|
| 082 | _a629.25 JUD'A | ||
| 100 |
_aJUDGE, ARTHUR W _941819 |
||
| 245 | _aAUTOMOBILES ENGINES IN THEORY DESIGN CONSTRUCTION OPERATION AND TESTING | ||
| 250 | _a8th | ||
| 260 |
_aLONDON _bCHAPMAN & HALL _c1972 |
||
| 300 | _a551P | ||
| 942 | _cBK | ||
| 999 |
_c582693 _d582693 |
||